| 000 | 01314cam a2200433Ia 4500 | ||
|---|---|---|---|
| 001 | 86362 | ||
| 005 | 20230410133000.0 | ||
| 008 | 080501r2008 enka b 001 0 eng d | ||
| 035 | _a(OCoLC)ocn227016674 | ||
| 040 |
_aBTCTA _cBTCTA _dYDXCP _dBAKER _dBUF _dUKM _dGYD _dORX |
||
| 015 |
_aGBA932212 _2bnb |
||
| 016 | 7 |
_a015101552 _2Uk |
|
| 020 | _a9781844673001 | ||
| 020 | _a1844673006 | ||
| 029 | 1 |
_aNZ1 _b12781794 |
|
| 029 | 1 |
_aNLGGC _b317555944 |
|
| 029 | 1 |
_aAU@ _b000044024688 |
|
| 035 | _a(OCoLC)227016674 | ||
| 050 | 1 | 4 |
_aB 823.3 _bZ82s 2008 |
| 082 | 0 | 0 | _a140 |
| 049 | _aGRAL | ||
| 100 | 1 |
_aZizek, Slavoj, _d1949- |
|
| 245 | 1 | 4 |
_aThe sublime object of ideology / _cSlavoj Zizek. |
| 260 |
_aLondon ; _aNew York : _bVerso, _c2008. |
||
| 300 |
_axxxi, 272 p. : _bill. ; _c20 cm. |
||
| 490 | 1 | _aThe essential Zizek | |
| 504 | _aIncludes bibliographical references and index. | ||
| 650 | 0 | _aIdeology. | |
| 650 | 0 | _aIdeals (Philosophy) | |
| 650 | 4 | _aIdeologĂa. | |
| 650 | 4 | _aIdeales (FilosofĂa). | |
| 800 | 1 |
_aZizek, Slavoj. _tSelections. _f2008. |
|
| 938 |
_aBaker and Taylor _bBTCP _nBK0007782316 |
||
| 938 |
_aYBP Library Services _bYANK _n2847440 |
||
| 938 |
_aBaker & Taylor _bBKTY _c22.95 _d17.21 _i1844673006 _n0007782316 _sactive |
||
| 942 |
_2lcc _cbk |
||
| 946 | _amm | ||
| 994 |
_aC0 _bDRFGD |
||
| 999 |
_c91314 _d91314 |
||